القوى العاملة والاستخدام في بلدان المغرب العربي : (Record no. 14927)
[ view plain ]
| 000 -LEADER | |
|---|---|
| fixed length control field | 01202nam a22001577a 4500 |
| 008 - FIXED-LENGTH DATA ELEMENTS--GENERAL INFORMATION | |
| fixed length control field | 110120t xxu||||| |||| 00| 0 eng d |
| 082 ## - DEWEY DECIMAL CLASSIFICATION NUMBER | |
| Classification number | 331.0961 |
| Item number | ق و ى |
| 110 ## - MAIN ENTRY--CORPORATE NAME | |
| 9 (RLIN) | 22099 |
| Corporate name or jurisdiction name as entry element | مكتب العمل العربي. منظمة العمل العربية |
| 245 ## - TITLE STATEMENT | |
| Title | القوى العاملة والاستخدام في بلدان المغرب العربي : |
| Remainder of title | ترجمة عن الفرنسية لمجموعة من الدراسات التي قدمت في ندوة القوى العاملة والاستخدام في بلدان المغرب العربي.الحمامات (تونس) يونيه/حزيران 1980 / |
| Statement of responsibility, etc | أشرفت على الترجمة إدارة القوى العاملة والتدريب. مكتب العمل العربي / |
| 260 ## - PUBLICATION, DISTRIBUTION, ETC. (IMPRINT) | |
| Place of publication, distribution, etc | الاسكندرية : |
| Name of publisher, distributor, etc | منظمة العمل العربية. مكتب العمل العربي ، 1982 |
| Date of publication, distribution, etc | 1982 |
| 300 ## - PHYSICAL DESCRIPTION | |
| Extent | 371 ص : |
| Other physical details | أيض ؛ |
| Dimensions | 22 سم |
| 541 ## - IMMEDIATE SOURCE OF ACQUISITION NOTE | |
| Source of acquisition | د. باسم أحمد ؛ |
| 650 ## - SUBJECT ADDED ENTRY--TOPICAL TERM | |
| 9 (RLIN) | 22097 |
| Topical term or geographic name as entry element | القوى العاملة |
| Geographic subdivision | المغرب العربي |
| 942 ## - ADDED ENTRY ELEMENTS (KOHA) | |
| Source of classification or shelving scheme | Dewey Decimal Classification |
| Item type | Book - Borrowing |
| Withdrawn status | Item status | Source of classification or shelving scheme | Damaged status | Not for loan | Vendor | Home library | Current library | Shelving location | Date acquired | Source of acquisition | Total Checkouts | Full call number | Barcode | Date last seen | Koha item type |
|---|---|---|---|---|---|---|---|---|---|---|---|---|---|---|---|
| Dewey Decimal Classification | Central Library | Central Library | First floor | 20/01/2011 | Donation | 331.0961 ق و ى | 000022762 | 15/07/2025 | Book - Borrowing |